Nuevos diseños para el currículo de la escuela elemental

保存先:
書誌詳細
主要な著者: Michaelis, John U. (autor), Grossman, Ruth H (著者), Scott, Lloyd F (著者)
フォーマット: 図書
言語:スペイン語
出版事項: Buenos Aires Troquel 1974
主題:
タグ: タグ追加
タグなし, このレコードへの初めてのタグを付けませんか!

MARC

LEADER 00000nam a2200000 a 4500
001 UCU0514
003 CL-VaPUC
008 960322e19740000AG |||||||||||||||||spa|d
082 0 4 |a 372.19  |b MIC  |2 21 
100 |a Michaelis, John U.  |e autor  |9 355741 
700 0 |a Grossman, Ruth H  |e author  |9 355742 
700 0 |a Scott, Lloyd F  |e author  |9 355743 
245 1 0 |a Nuevos diseños para el currículo de la escuela elemental 
300 |a 475 p 
942 |c BK 
945 |d 19960322 00:00:00  |a lriquelm 
260 |a Buenos Aires  |b Troquel  |c 1974 
650 0 |a Currículo  |9 307290 
650 0 |a Educación básica   |9 224933 
650 0 |a Enseñanza de la lectura  |9 308364 
650 0 |a Matemáticas  |x Enseñanza  |9 875527 
650 0 |a Educación física  |9 240893 
650 0 |a Planificación del currículo  |9 269599 
583 |a last modification  |c 19960322 00:00:00  |k Rodrigo Vera 
999 |c 245356  |d 245354 
952 |0 0  |1 0  |4 0  |6 372_190000000000000_MIC_1974  |7 0  |8 P  |9 259841  |a BIBEDU  |b BIBEDU  |c BIBEDU_PB  |d 2019-11-19  |i 1636839  |o 372.19 MIC 1974  |p 1636839  |r 2024-01-25  |w 2019-11-19  |y BK  |k EDU